Directorio pastoral para la santa misa

שמור ב:
מידע ביבליוגרפי
פורמט: ספר
שפה:ספרדית
יצא לאור: Santiago Asamblea Plenaria del Episcopado da Chile 1960
נושאים:
תגים: הוספת תג
אין תגיות, היה/י הראשונ/ה לתייג את הרשומה!

MARC

LEADER 00000nam a2200000 a 4500
001 UCR2235
003 CL-VaPUC
008 980109e19600000CL |||||||||||||||||spa|d
082 0 4 |a 264.36  |b DIR  |2 21 
245 1 0 |a Directorio pastoral para la santa misa 
300 |a 170 p 
942 |c BK 
945 |d 19980109 00:00:00  |a rleighto 
260 |a Santiago  |b Asamblea Plenaria del Episcopado da Chile  |c 1960 
650 0 |a Misa  |9 329325 
650 0 |a Vida cristiana  |9 258753 
650 7 |a LITURGIA  |2 CL-VaPUC  |9 400063 
583 |a last modification  |c 19980109 00:00:00  |k Rodrigo Vera 
999 |c 265492  |d 265490 
952 |0 0  |1 0  |4 0  |6 264_360000000000000_DIR_1960  |7 0  |8 A  |9 296437  |a BIBTEO  |b BIBTEO  |d 2019-11-20  |i 3372596  |o 264.36 DIR 1960  |p 3372596  |r 2025-01-17  |w 2019-11-20  |y BK  |k ICR